[Event "AUTO-OPEN-674"]
[Site "http://www.queenalice.com/game.php?id=335276"]
[Date "2008.1.12"]
[Round "3"]
[White "aquinogyn"]
[Black "Gambitshark"]
[Result "0-1"]
[WhiteElo "1944"]
[BlackElo "2560"]

1. d4 Nf6 2. Nf3 g6 3. c4 Bg7 4. Nc3 d6 5. e4 O-O 6. Be2 Nc6 7. O-O Re8 8. Bg5
h6 9. Bxf6 Bxf6 10. h3 e5 11. dxe5 Nxe5 12. Qc2 Bg7 13. Rac1 Be6 14. b3 Nxf3+
15. Bxf3 Qg5 16. Kh1 Be5 17. Ne2 a5 18. a4 b6 19. Rcd1 h5 20. Qd2 Qh4 21. Ng1
Qf6 22. Ne2 Bxh3 23. Nd4 Bd7 24. Nb5 Qh4+ 0-1

[Event "AUTO-OPEN-674"]
[Site "http://www.queenalice.com/game.php?id=335277"]
[Date "2008.1.12"]
[Round "3"]
[White "agmac"]
[Black "aquinogyn"]
[Result "1-0"]
[WhiteElo "2275"]
[BlackElo "1930"]

1. e4 e5 2. Nf3 Nc6 3. Bc4 Bc5 4. c3 Nf6 5. d3 O-O 6. O-O Re8 7. b4 Be7 8. Ng5
d5 9. exd5 Nxd5 10. Nxf7 Kxf7 11. Qf3+ Kg8 12. Bxd5+ Kh8 13. Be4 Bd6 14. Qh5 1-0

[Event "AUTO-OPEN-674"]
[Site "http://www.queenalice.com/game.php?id=335278"]
[Date "2008.1.12"]
[Round "3"]
[White "aquinogyn"]
[Black "agmac"]
[Result "0-1"]
[WhiteElo "1908"]
[BlackElo "2273"]

1. d4 Nf6 2. c4 e6 3. Nf3 d5 4. e3 a6 5. Bd3 dxc4 6. Bxc4 b5 7. Be2 Bb7 8. O-O
Nbd7 9. Nc3 Bd6 10. e4 Nxe4 11. Nxe4 Bxe4 12. Be3 O-O 13. Rc1 Nb6 14. Bd3 Bxd3
15. Qxd3 Qf6 16. Rc6 Rfe8 17. Rfc1 Qf5 18. Qxf5 exf5 19. b3 a5 20. g3 a4 21. Nh4
g6 22. Ng2 axb3 23. axb3 Nd5 24. Bf4 Nb4 25. Rxd6 cxd6 26. Bxd6 Nd3 27. Rd1 Red8
28. Nf4 Nb2 0-1

[Event "Challenge"]
[Site "http://www.queenalice.com/game.php?id=342435"]
[Date "2008.1.25"]
[Round "-"]
[White "quifaiquoi"]
[Black "aquinogyn"]
[Result "1-0"]
[WhiteElo "2061"]
[BlackElo "1918"]

1. d4 Nf6 2. Nf3 d5 3. g3 b6 4. Bg2 Bf5 5. O-O e6 6. Nbd2 Bd6 7. c4 O-O 8. b3 c5
9. Bb2 Nc6 10. Re1 Rc8 11. cxd5 exd5 12. dxc5 Bxc5 13. a3 Re8 14. b4 Bf8 15. Nd4
Nxd4 16. Bxd4 Ne4 17. Nxe4 Bxe4 18. Qa4 Bxg2 19. Kxg2 g6 20. Qxa7 Rc6 21. e3 Bg7
22. Bxg7 Kxg7 23. Rac1 Re7 24. Qa4 Rce6 25. Red1 Re4 26. Qc6 h5 27. Rxd5 Qb8 28.
Rd6 R4e6 29. Rcd1 Rc7 30. Qd5 Rxd6 31. Qxd6 Rc2 32. Qxb8 1-0

[Event "Challenge"]
[Site "http://www.queenalice.com/game.php?id=357973"]
[Date "2008.2.20"]
[Round "-"]
[White "quifaiquoi"]
[Black "aquinogyn"]
[Result "1-0"]
[WhiteElo "2140"]
[BlackElo "1874"]

1. d4 e6 2. Nf3 d5 3. g3 c5 4. dxc5 Bxc5 5. Bg2 Nf6 6. O-O O-O 7. Nbd2 Nc6 8.
Nb3 Be7 9. c3 h6 10. Bf4 Bd6 11. Bxd6 Qxd6 12. Qc2 e5 13. Rad1 Qc7 14. Rc1 Be6
15. Rfd1 Rac8 16. Nbd2 a6 17. e4 dxe4 18. Nxe4 Nxe4 19. Qxe4 Bxa2 20. Bh3 Rcd8
21. Nh4 Bb3 22. Re1 Rd2 23. Nf5 Rfd8 24. Qg4 g6 25. Nxh6+ Kf8 26. Qf3 Qe7 27.
Ng4 Rxb2 28. Qe3 Rdd2 29. Qh6+ Ke8 30. Nxe5 Nxe5 31. Qh8+ Qf8 32. Qxe5+ 1-0

[Event "Challenge"]
[Site "http://www.queenalice.com/game.php?id=357974"]
[Date "2008.2.20"]
[Round "-"]
[White "aquinogyn"]
[Black "quifaiquoi"]
[Result "0-1"]
[WhiteElo "1869"]
[BlackElo "2125"]

1. d4 d5 2. c4 c6 3. cxd5 cxd5 4. Nf3 Nf6 5. e3 Nc6 6. Bb5 Bd7 7. O-O e6 8. Nc3
a6 9. Bxc6 bxc6 10. Ne5 Bd6 11. Nxd7 Qxd7 12. Re1 O-O 13. b3 Rfc8 14. Bb2 c5 15.
dxc5 Bxc5 16. Qf3 Be7 17. Rac1 Bb4 18. Red1 Qe7 19. Qe2 Ba3 20. Bxa3 Qxa3 21.
Rc2 Rc5 22. Na4 Rxc2 23. Qxc2 Qd6 24. Rc1 h5 25. Qc6 Qd8 26. Qb7 Ne8 27. Qb6 Qd7
28. Rc6 Rc8 29. Rxc8 Qxc8 30. Nc5 Nf6 31. f3 Ne8 32. b4 Nc7 33. a4 e5 0-1

[Event "Challenge"]
[Site "http://www.queenalice.com/game.php?id=369260"]
[Date "2008.3.11"]
[Round "-"]
[White "clemerson"]
[Black "aquinogyn"]
[Result "1-0"]
[WhiteElo "1910"]
[BlackElo "1889"]

1. e4 e6 2. d4 d5 3. Nc3 Bb4 4. e5 c5 5. a3 cxd4 6. Qxd4 Bxc3+ 7. bxc3 Qc7 8. f4
Nc6 9. Bb5 Bd7 10. Bxc6 Qxc6 11. Nf3 Qa4 12. Qxa4 Bxa4 13. Nd4 Rc8 14. Bb2 Ne7
15. O-O Nc6 16. Rac1 Nxd4 17. cxd4 Rxc2 18. Rxc2 1-0

[Event "Challenge"]
[Site "http://www.queenalice.com/game.php?id=398996"]
[Date "2008.5.6"]
[Round "-"]
[White "Ernani"]
[Black "aquinogyn"]
[Result "0-1"]
[WhiteElo "2081"]
[BlackElo "1869"]

1. e4 e6 2. d4 d5 3. Nc3 Bb4 4. Bd3 Nc6 5. Nf3 Nf6 6. e5 Ne4 7. Bd2 Nxd2 8. Qxd2
O-O 9. g4 f6 10. Qe3 Bxc3+ 11. bxc3 fxe5 12. Nxe5 Nxe5 13. dxe5 Qh4 14. Qg3 Qg5
15. O-O Qf4 16. Kg2 b6 17. Rab1 Bb7 18. Kg1 c5 19. Qh3 g6 20. Rbe1 Rf7 21. f3 c4
22. Be2 Qxe5 23. Bxc4 Qxc3 24. Bd3 Qd4+ 25. Kh1 e5 26. g5 Re8 27. Rg1 e4 28. Qg4
Qe5 29. h4 Rxf3 30. Be2 Bc8 31. Bxf3 Bxg4 32. Bxg4 Rf8 33. Rg2 d4 34. Rge2 e3
35. Kg2 Qe4+ 36. Kh3 Rf4 37. Rg1 Rf2 38. Rg2 Qxg2# 0-1

[Event "Challenge"]
[Site "http://www.queenalice.com/game.php?id=398999"]
[Date "2008.5.6"]
[Round "-"]
[White "RationalKing"]
[Black "aquinogyn"]
[Result "1-0"]
[WhiteElo "1987"]
[BlackElo "1855"]

1. e4 e6 2. d4 d5 3. exd5 exd5 4. Nf3 Nf6 5. Bd3 Bd6 6. O-O O-O 7. Bg5 Bg4 8.
Nbd2 Nbd7 9. c3 c6 10. Re1 Qc7 11. Qc2 h6 12. Bxf6 Nxf6 13. h3 Bxf3 14. Nxf3
Rfe8 15. Nh4 Rxe1+ 16. Rxe1 Re8 17. Rxe8+ Nxe8 18. Nf5 Nf6 19. Qe2 Bf4 20. g3
Bd6 21. Kg2 c5 22. dxc5 Bxc5 23. Qf3 Qb6 24. b4 Bf8 25. a4 a5 26. bxa5 Qxa5 27.
Nxh6+ gxh6 28. Qxf6 Bg7 29. Qf4 Qxc3 30. Qb8+ Bf8 31. Bb5 d4 32. Qxb7 d3 33. Qf3
1-0

[Event "Challenge"]
[Site "http://www.queenalice.com/game.php?id=399003"]
[Date "2008.5.7"]
[Round "-"]
[White "quifaiquoi"]
[Black "aquinogyn"]
[Result "0-1"]
[WhiteElo "2079"]
[BlackElo "1844"]

1. d4 Nf6 2. Nf3 d5 3. g3 e6 4. Bg2 c5 5. c3 Nc6 6. O-O Bd6 7. dxc5 Bxc5 8. Bg5
O-O 9. Nbd2 h6 10. Bxf6 Qxf6 11. e4 dxe4 12. Nxe4 Qe7 13. Nxc5 Qxc5 14. Qe2 b6
15. Rfe1 Bb7 16. Rad1 Rad8 17. Nd2 Qe7 18. Qb5 Na5 19. Bxb7 Nxb7 20. Ne4 Rd5 21.
Qb3 Rfd8 22. c4 Na5 23. Qc2 Rxd1 24. Rxd1 Rxd1+ 25. Qxd1 Nxc4 26. Qc2 Nd6 27.
Nd2 Qb7 28. b4 Nf5 29. a4 g6 30. b5 Qd5 31. Nf1 Nd4 32. Qc8+ Kg7 33. Ne3 Ne2+
34. Kf1 Qd3 35. Kg2 Nc3 36. Qc7 Qe4+ 37. Kg1 Nxa4 38. Qxa7 Qb1+ 39. Kg2 Qxb5 40.
Qe7 h5 41. g4 hxg4 42. Nxg4 Qf5 43. Qh4 b5 44. Qh6+ Kg8 45. Qh4 Qd5+ 46. Kg1
Qd1+ 47. Kg2 Nc3 48. h3 Nd5 49. Qd8+ Kg7 50. Qg5 b4 51. Qe5+ Kh7 52. Qg5 b3 53.
Ne5 Kg7 54. Nd7 Nf4+ 55. Qxf4 Qxd7 56. h4 Qd5+ 57. f3 b2 58. Qb4 Qe5 59. f4 Qe2+
60. Kg3 Qd3+ 0-1

[Event "Challenge"]
[Site "http://www.queenalice.com/game.php?id=399004"]
[Date "2008.5.7"]
[Round "-"]
[White "quifaiquoi"]
[Black "aquinogyn"]
[Result "1-0"]
[WhiteElo "2067"]
[BlackElo "1863"]

1. d4 d5 2. Nf3 e6 3. g3 c5 4. dxc5 Bxc5 5. Bg2 Nf6 6. O-O O-O 7. b3 Nc6 8. Bb2
Be7 9. Nbd2 Qc7 10. c4 dxc4 11. Nxc4 Rd8 12. Qc1 b6 13. Nce5 Bb7 14. Nd4 1-0

[Event "Challenge"]
[Site "http://www.queenalice.com/game.php?id=451393"]
[Date "2008.8.21"]
[Round "-"]
[White "Papachibe"]
[Black "aquinogyn"]
[Result "0-1"]
[WhiteElo "1986"]
[BlackElo "1893"]

1. e4 e6 2. d4 d5 3. exd5 exd5 4. Bd3 Nf6 5. Bg5 Be7 6. Nf3 Bg4 7. O-O O-O 8. h3
Bxf3 9. Qxf3 Nbd7 10. Re1 c6 11. Nd2 h6 12. Bh4 Re8 13. Re2 Bb4 14. c3 Rxe2 15.
Qxe2 Bd6 16. Re1 Qc7 17. Qf3 Re8 18. Rxe8+ Nxe8 19. Qf5 Nef6 20. Nf3 g6 21. Qxf6
Nxf6 22. Bxf6 Qb6 23. b3 Qa5 0-1

[Event "Challenge"]
[Site "http://www.queenalice.com/game.php?id=453092"]
[Date "2008.8.24"]
[Round "-"]
[White "aquinogyn"]
[Black "fatharry"]
[Result "0-1"]
[WhiteElo "1904"]
[BlackElo "2039"]

1. d4 d5 2. Nf3 c5 3. e3 Bg4 4. Be2 Nc6 5. O-O e6 6. b3 Nf6 7. Ba3 Qb6 8. c4
Bxf3 9. Bxf3 dxc4 10. Bxc6+ Qxc6 11. bxc4 O-O-O 12. Bb2 cxd4 13. exd4 Qxc4 14.
Nd2 Qd5 15. Rc1+ Kb8 16. Qa4 Bd6 17. Nf3 h5 18. Rc2 h4 19. Rfc1 h3 20. Qb3 hxg2
21. Qxd5 Nxd5 22. Kxg2 Nf4+ 23. Kh1 Nd3 24. Rd1 Nxb2 25. Rxb2 Rh3 26. Kg2 Rdh8
27. Rh1 f6 28. Re2 e5 29. dxe5 fxe5 30. Nxe5 R3h5 31. Nf3 g5 32. Re6 Kc7 33. Rg6
Bf4 34. Re1 R8h7 35. h3 Rxh3 36. Nxg5 Rh2+ 37. Kf3 Bxg5 38. Rxg5 Rf7+ 39. Ke4
Re7+ 40. Re5 Rxe5+ 41. Kxe5 Rxf2 42. a4 Ra2 43. Re4 Kb6 44. Rb4+ Ka6 45. Kd5 b6
46. Kc4 Ka5 0-1

[Event "Challenge"]
[Site "http://www.queenalice.com/game.php?id=453093"]
[Date "2008.8.24"]
[Round "-"]
[White "fatharry"]
[Black "aquinogyn"]
[Result "1-0"]
[WhiteElo "2081"]
[BlackElo "1913"]

1. e4 e6 2. d4 d5 3. Nc3 Bb4 4. Bd3 dxe4 5. Bc4 Nf6 6. Ne2 O-O 7. O-O b6 8. Bg5
Bb7 9. a3 Be7 10. Ng3 h6 11. Bf4 Bd6 12. Be5 Bxe5 13. dxe5 Qxd1 14. Raxd1 Ng4
15. Nb5 Nc6 16. Nxc7 Rac8 17. Nxe6 fxe6 18. Bxe6+ Kh8 19. Bxg4 Nxe5 20. Bxc8
Rxc8 21. Rfe1 Rxc2 22. Nxe4 Ng4 23. f3 Bxe4 24. Rxe4 Nf2 25. Rd8+ Kh7 26. Re7
Rxb2 27. Rxa7 b5 28. Rdd7 Kg6 29. Rxg7+ Kh5 30. Raf7 Nd3 31. Rf5+ 1-0

[Event "Challenge"]
[Site "http://www.queenalice.com/game.php?id=463969"]
[Date "2008.9.16"]
[Round "-"]
[White "crawfb5"]
[Black "aquinogyn"]
[Result "1-0"]
[WhiteElo "2065"]
[BlackElo "1882"]

1. e4 e6 2. d4 d5 3. Nc3 Bb4 4. e5 c5 5. a3 cxd4 6. axb4 dxc3 7. Qg4 cxb2 8.
Bxb2 g6 9. Bd3 Ne7 10. Nf3 Nbc6 11. b5 Nb8 12. h4 h5 13. Qf4 Nd7 14. Ng5 Nf5 15.
f3 Nc5 16. Be2 Qc7 17. g4 hxg4 18. fxg4 Rxh4 19. Rxh4 Nxh4 20. Qh2 f6 21. Qxh4
fxg5 22. Qh8+ Kd7 23. Qg7+ Kd8 24. Qf8+ Kd7 25. O-O-O Qd8 26. Qxc5 1-0

[Event "Challenge"]
[Site "http://www.queenalice.com/game.php?id=463970"]
[Date "2008.9.16"]
[Round "-"]
[White "aquinogyn"]
[Black "crawfb5"]
[Result "0-1"]
[WhiteElo "1850"]
[BlackElo "2102"]

1. d4 Nf6 2. c4 g6 3. Nc3 Bg7 4. Nf3 O-O 5. e4 d6 6. Be3 e5 7. dxe5 dxe5 8. Qxd8
Rxd8 9. Rd1 Rxd1+ 10. Kxd1 Ng4 11. Ke2 Nxe3 12. Kxe3 c6 13. Be2 Nd7 14. b4 Bf8
15. Rd1 Bxb4 16. Na4 Be7 17. h4 f6 18. Nc3 Bc5+ 19. Kd3 Bxf2 20. Kc2 Bb6 21. g4
Nc5 22. g5 Bg4 23. gxf6 Bxf3 24. Bxf3 Ne6 25. Bg4 Nd4+ 26. Kb2 Kf7 27. Rf1 Bd8
28. h5 Bxf6 29. hxg6+ hxg6 30. Rh1 Rh8 31. Rxh8 Bxh8 32. Na4 b6 33. Kc3 Kf6 34.
Nb2 Kg5 35. Bd7 Kf4 36. Kd3 g5 37. Nd1 g4 38. Nf2 g3 39. Nh3+ Kf3 40. Ng5+ Kf2
41. Nh3+ Kf1 0-1

[Event "Challenge"]
[Site "http://www.queenalice.com/game.php?id=463972"]
[Date "2008.9.16"]
[Round "-"]
[White "aquinogyn"]
[Black "trompmaster"]
[Result "0-1"]
[WhiteElo "1893"]
[BlackElo "2018"]

1. d4 d6 2. e4 a6 3. Nc3 Nc6 4. Nf3 h6 5. b3 g6 6. Bb2 Bg7 7. Bc4 e5 8. dxe5
Nxe5 9. Nxe5 Bxe5 10. O-O Bg7 11. Na4 Nf6 12. e5 Nh5 13. exd6 cxd6 14. Bxg7 Nxg7
15. Re1+ Be6 16. Qd4 O-O 17. Nb6 Nf5 0-1

[Event "Challenge"]
[Site "http://www.queenalice.com/game.php?id=463974"]
[Date "2008.9.16"]
[Round "-"]
[White "trompmaster"]
[Black "aquinogyn"]
[Result "1-0"]
[WhiteElo "2046"]
[BlackElo "1873"]

1. g3 e5 2. Bg2 Nf6 3. d3 d5 4. Nc3 Bb4 5. Bd2 O-O 6. e4 d4 7. Nce2 Bxd2+ 8.
Qxd2 c5 9. h3 Nc6 10. f4 exf4 11. gxf4 Nh5 12. Nf3 Qa5 13. Qxa5 Nxa5 14. Nd2 b5
15. Bf3 g6 16. Bxh5 gxh5 17. Rg1+ Kh8 18. Rg5 Bxh3 19. Rxc5 a6 20. O-O-O f5 21.
e5 Rac8 22. Rxc8 Rxc8 23. Rh1 Bg4 24. Ng3 Kg7 25. Nxh5+ Bxh5 26. Rxh5 Kg6 27.
Rg5+ 1-0

[Event "Challenge"]
[Site "http://www.queenalice.com/game.php?id=463976"]
[Date "2008.9.16"]
[Round "-"]
[White "aquinogyn"]
[Black "Fafner"]
[Result "0-1"]
[WhiteElo "1864"]
[BlackElo "1925"]

1. d4 Nf6 2. c4 e6 3. Nf3 b6 4. g3 Bb7 5. Bg2 Be7 6. O-O O-O 7. Nc3 Ne4 8. Nxe4
Bxe4 9. Nh4 Bxg2 10. Nxg2 d5 11. cxd5 Qxd5 12. b3 Nd7 13. Bb2 Rac8 14. Rc1 Rfd8
15. Qc2 c5 16. dxc5 Bxc5 17. Qd1 Qf5 18. Ne3 Qe4 19. Qc2 Qb7 20. Qc3 Nf6 21. Qe5
Rd2 22. Nc4 Rd5 23. Qf4 Rf5 24. Qd2 Ne4 25. Qd3 Nxf2 0-1

[Event "Challenge"]
[Site "http://www.queenalice.com/game.php?id=465169"]
[Date "2008.9.18"]
[Round "-"]
[White "aquinogyn"]
[Black "zegan13"]
[Result "0-1"]
[WhiteElo "1844"]
[BlackElo "2322"]

1. e4 e6 2. d4 d5 3. e5 c5 4. c3 Qb6 5. Nf3 Nc6 6. Bd3 cxd4 7. cxd4 Bd7 8. Bc2
Nb4 9. O-O Nxc2 10. Qxc2 Rc8 11. Qd1 Ne7 12. b3 Ng6 13. Ba3 Bxa3 14. Nxa3 Qa5
15. Nc2 O-O 16. Qc1 Bb5 17. Rd1 Be2 18. Rd2 Bxf3 19. gxf3 f6 20. exf6 Rxf6 21.
Qd1 Rxf3 22. Qxf3 Qxd2 23. Ne3 Rf8 24. Qg3 Qxd4 25. Rc1 Nf4 26. Qg4 h5 27. Qf3
Qd2 28. Rc2 Qe1+ 29. Nf1 Rf6 0-1